000 00532nam a22001817a 4500
005 20240920141950.0
008 240918b |||||||| |||| 00| 0 eng d
020 _a978-93-89627-63-3
041 _aeng
082 _a615.7
100 _aDEATTU, DR. N. & SHEELA, DR. N.B.SANTHA AND KUMAR, MR. SUNIL
_98538
245 _aBIOPHARMACOKINETICS [ B, PHARMA , 6TH. SEMESTER ]
250 _a1ST RE-PRINT, ED. 2023
260 _aLUCKNOW
_bTHAKUR PUBLICATION PVT.LTD
300 _a192; P
650 _aPHARMACY
_xB.PHARMA
942 _cBK
999 _c8667
_d8665